[Event "BCF-chT4S 1718 (4NCL)"]
[Site "England"]
[Date "2018.05.07"]
[Round "11.55"]
[White "Burcham, Tony"]
[Black "Ito Aramendia, Alejandro"]
[Result "1-0"]
[WhiteElo "1662"]
[BlackElo "1546"]
[PlyCount "73"]
[EventDate "2017.11.11"]
[EventType "team-swiss"]
[EventRounds "11"]
[EventCountry "ENG"]
[SourceTitle "EXT 2020"]
[Source "ChessBase"]
[SourceDate "2019.10.17"]
[SourceVersion "1"]
[SourceVersionDate "2019.10.17"]
[SourceQuality "1"]
[WhiteTeam "Oxford III"]
[BlackTeam "KJCA Young Kestrels"]
[WhiteTeamCountry "ENG"]
[BlackTeamCountry "ENG"]

1. c4 e5 2. g3 Nf6 3. Bg2 Bc5 4. e3 Nc6 5. a3 a6 6. b4 Ba7 7. Bb2 d6 8. Nc3 Bf5 9. d3 0-0 10. Qd2 Rb8 11. Rc1 Re8 12. Nge2 Qd7 13. 0-0 Bh3 14. Ne4 Nxe4 15. dxe4 Rbd8 16. Rfd1 Bxg2 17. Kxg2 Qg4 18. Nc3 Re6 19. h3 Qh5 20. Qe2 Qg6 21. f4 Qh6 22. Rd3 Rg6 23. Rf1 Qh4 24. Qf3 Qh6 25. Nd5 Rd7 26. Bc3 Re6 27. f5 Re8 28. f6 Re6 29. fxg7 Kxg7 30. b5 Nb8 31. Nf4 Ree7 32. Nh5+ Kh8 33. Nf6 Rd8 34. Nd5 Red7 35. Nf6 Re7 36. Ng4 Qg6 37. Nxe5 1-0